Our leadership and the destiny of Tanzania / (Record no. 118096)
[ view plain ]
| 000 -LEADER | |
|---|---|
| fixed length control field | 01051cam a2200301 a 4500 |
| 001 - CONTROL NUMBER | |
| control field | 4942005 |
| 003 - CONTROL NUMBER IDENTIFIER | |
| control field | ARRUPE |
| 005 - DATE AND TIME OF LATEST TRANSACTION | |
| control field | 20150402020006.0 |
| 008 - FIXED-LENGTH DATA ELEMENTS--GENERAL INFORMATION | |
| fixed length control field | 961114s1995 rh 000 0 eng |
| 010 ## - LIBRARY OF CONGRESS CONTROL NUMBER | |
| LC control number | 95981952 |
| 020 ## - INTERNATIONAL STANDARD BOOK NUMBER | |
| International Standard Book Number | 1779010915 |
| 040 ## - CATALOGING SOURCE | |
| Original cataloging agency | DLC |
| Transcribing agency | DLC |
| Modifying agency | DLC |
| 041 1# - LANGUAGE CODE | |
| Language code of text/sound track or separate title | eng |
| Language code of original and/or intermediate translations of text | swa |
| 042 ## - AUTHENTICATION CODE | |
| Authentication code | lcode |
| 043 ## - GEOGRAPHIC AREA CODE | |
| Geographic area code | f-tz--- |
| 050 00 - LIBRARY OF CONGRESS CALL NUMBER | |
| Classification number | DT448.2 |
| Item number | .N891513 1995 |
| 300 ## - PHYSICAL DESCRIPTION | |
| Dimensions | 21 cm. |
| 100 1# - MAIN ENTRY--PERSONAL NAME | |
| Personal name | Nyerere, Julius K. |
| Fuller form of name | (Julius Kambarage), |
| Dates associated with a name | 1922-1999. |
| 9 (RLIN) | 1454 |
| 240 10 - UNIFORM TITLE | |
| Uniform title | <a href="Uongozi wetu na hatima ya Tanzania.">Uongozi wetu na hatima ya Tanzania.</a> |
| Language of a work | English |
| 245 10 - TITLE STATEMENT | |
| Title | Our leadership and the destiny of Tanzania / |
| Statement of responsibility, etc | Julius K. Nyerere. |
| 260 ## - PUBLICATION, DISTRIBUTION, ETC. (IMPRINT) | |
| Place of publication, distribution, etc | Harare, Zimbabwe : |
| Name of publisher, distributor, etc | African Pub. Group, |
| Date of publication, distribution, etc | 1995. |
| 300 ## - PHYSICAL DESCRIPTION | |
| Extent | 91 p. ; |
| 500 ## - GENERAL NOTE | |
| General note | Issued also in Swahili. |
| 651 #0 - SUBJECT ADDED ENTRY--GEOGRAPHIC NAME | |
| Geographic name | Tanzania |
| General subdivision | Politics and government |
| Chronological subdivision | 1964- |
| 9 (RLIN) | 1455 |
| 651 #0 - SUBJECT ADDED ENTRY--GEOGRAPHIC NAME | |
| Geographic name | Zanzibar |
| General subdivision | Politics and government |
| Chronological subdivision | 1964- |
| 9 (RLIN) | 1456 |
| 906 ## - LOCAL DATA ELEMENT F, LDF (RLIN) | |
| a | 7 |
| b | cbc |
| c | origode |
| d | 2 |
| e | ncip |
| f | 19 |
| g | y-gencatlg |
| 942 ## - ADDED ENTRY ELEMENTS (KOHA) | |
| Source of classification or shelving scheme | Library of Congress Classification |
| Koha item type | Monograph ( Printed materials) |
| Koha issues (borrowed), all copies | 2 |
| Withdrawn status | Lost status | Source of classification or shelving scheme | Damaged status | Not for loan | Collection code | Home library | Current library | Shelving location | Date acquired | Total Checkouts | Full call number | Barcode | Date last seen | Date checked out | Price effective from | Koha item type |
|---|---|---|---|---|---|---|---|---|---|---|---|---|---|---|---|---|
| Library of Congress Classification | Main Collection | ARRUPE LIBRARY | ARRUPE LIBRARY | Main Collection | 26/09/2013 | 10 | DT448.2 .N891513 1995 | 46411177 | 11/05/2023 | 07/02/2023 | 26/09/2013 | Monograph ( Printed materials) | ||||
| Library of Congress Classification | ARRUPE LIBRARY | ARRUPE LIBRARY | 02/10/2018 | DT448.2 .N891513 1995 | 46600003205 | 02/10/2018 | 02/10/2018 | Monograph ( Printed materials) |